Happiness at work : (Record no. 36979)

MARC details
000 -LEADER
fixed length control field 01036nam a22002777a 4500
005 - DATE AND TIME OF LATEST TRANSACTION
control field 20100715162340.0
008 - FIXED-LENGTH DATA ELEMENTS--GENERAL INFORMATION
fixed length control field 100715t xxu||||| |||| 00| 0 eng d
010 ## - LCCN (DPL NO)
LC control number ENG-96409
020 ## - INTERNATIONAL STANDARD BOOK NUMBER
International Standard Book Number 9780070703674
Terms of availability 295.00
020 ## - INTERNATIONAL STANDARD BOOK NUMBER
International Standard Book Number 0070703671
Terms of availability 295.00
035 ## - SYSTEM CONTROL NUMBER
System control number EN-79942
037 ## - SOURCE OF ACQUISITION
Source of stock number/acquisition D.B.Act / Pub
040 ## - CATALOGING SOURCE
Original cataloging agency Dpl
Language of cataloging Eng
082 ## - DEWEY DECIMAL CLASSIFICATION NUMBER
Classification number 650.1
100 ## - MAIN ENTRY--PERSONAL NAME
Personal name Rao, Srikumar S.
245 ## - TITLE STATEMENT
Title Happiness at work :
Statement of responsibility, etc by Srikumar S. Rao
Remainder of title be resilient, motivated, and successful--no matter what /
260 ## - PUBLICATION, DISTRIBUTION, ETC. (IMPRINT)
Place of publication, distribution, etc New Delhi
Name of publisher, distributor, etc Tata McGraw-Hill Publishing
Date of publication, distribution, etc 2010
270 ## - ADDRESS
Address 7, West Patel Nagar
City New Delhi
State or province Delhi
Postal code 110008
300 ## - PHYSICAL DESCRIPTION
Extent xix, 235 p
Dimensions 22 cm. (pbk)
500 ## - GENERAL NOTE
General note Includes index.
650 ## - SUBJECT ADDED ENTRY--TOPICAL TERM
Topical term or geographic name as entry element Job satisfaction.
650 ## - SUBJECT ADDED ENTRY--TOPICAL TERM
Topical term or geographic name as entry element Success in business.
650 ## - SUBJECT ADDED ENTRY--TOPICAL TERM
Topical term or geographic name as entry element Work
General subdivision Psychological aspects.
942 ## - ADDED ENTRY ELEMENTS (KOHA)
Institution code [OBSOLETE] dpl
Item type English Books
Source of classification or shelving scheme Dewey Decimal Classification
Classification part 650.1
Call number suffix RAO
Holdings
Withdrawn status Lost status Source of classification or shelving scheme Damaged status Not for loan Collection code Home library Current library Date acquired Source of acquisition Cost, normal purchase price Total Checkouts Full call number Barcode Date last seen Copy number Cost, replacement price Koha item type
    Dewey Decimal Classification   Not For Loan Non-fiction D.B.Act.Division D.B.Act.Division 15/07/2010 DBAD/PUB 295.00   650.1 RAO EN-79942 15/07/2010 1 295.00 English Books

© Delhi Public Library
Hit Counter
free hit counter